Biblioteca

A manual of introduction to the New Testament (Registro nro. 45860)

Detalles MARC
000 -LÍDER
Campo fijo de descripción fija 01664aam a2200349 i 4500
001 - NÚMERO DE CONTROL
Campo de control 768714001
003 - IDENTIFICADOR DEL NÚMERO DE CONTROL
Campo de control CO-MdFUSB
005 - FECHA Y HORA DE LA ULTIMA TRANSACCIÓN
control field 20220622062538.0
007 - CAMPO FIJO DE DESCRIPCIÓN FIJA--INFORMACIÓN GENERAL
Campo fijo de descripción fija ta
008 - ELEMENTOS DE LONGITUD FIJA -- INFORMACIÓN GENERAL
Campo fijo de descripción fija -- Información general 200514t1887 enk |||| |||| 00| 0 eng d
020 ## - NÚMERO INTERNACIONAL NORMALIZADO PARA LIBROS
Número Internacional Normalizado del libro [No incluye ISBN]
040 ## - FUENTE DE CATALOGACIÓN
Idioma de catalogación spa.
Agencia de catalogación original CO-MdFUSB
Agencia que realiza la transcripción CO-MdFUSB
Agencia que realiza la modificación CO-MdFUSBC
Convenciones de la descripción rda
041 ## - CÓDIGO DE IDIOMA
Código de idioma para texto/pista de sonido o título separado eng
082 ## - NÚMERO DE CLASIFICACIÓN DECIMAL DEWEY
Número de la edición del Dewey 23
Número de clasificación 225.1
Clave de autor-Numero de item W429
100 1# - ASIENTO PRINCIPAL--NOMBRE PERSONAL
Nombre personal Weiss, Bernhard
Término relacionador autor
245 10 - TÍTULO
Título del Material A manual of introduction to the New Testament
Mención de responsabilidad, etc. / Bernhard Weiss ; traducido por A. J. K. Davidson
264 #1 - PRODUCCIÓN, PUBLICACIÓN, DISTRIBUCIÓN, MANUFACTURA, Y COPYRIGHT
Lugar de producción, publicación, distribución, manufactura Londres :
Nombre del productor, publicador, distribuidor Hodder and Stoughton,
Fecha de producción, publicación, distribución, manufactura, o copyright [1887]
264 #4 - PRODUCCIÓN, PUBLICACIÓN, DISTRIBUCIÓN, MANUFACTURA, Y COPYRIGHT
Fecha de producción, publicación, distribución, manufactura, o copyright © 1887
300 ## - DESCRIPCIÓN FÍSICA
Extensión 2 volúmenes
Dimensiones ; 21 cm
336 ## - TIPO DE CONTENIDO
Término de tipo de contenido texto
Código de tipo de contenido txt
Fuente rdacontent
337 ## - TIPO DE MEDIO
Fuente rdamedia
Nombre del tipo de medio sin mediación
Código del tipo de medio n
338 ## - TIPO DE SOPORTE
Fuente rdacarrier
Nombre del tipo de soporte volumen
Código Tipo de soporte nc
490 ## - MENCIÓN DE SERIE
Mención de serie Foreign Biblical library.
505 ## - NOTA DE CONTENIDO
Nota de contenido con formato preestablecido Volumen 1: Fundación de la ciencia de la introducción - La crítica y la apologética - La escuela de Tübingen y sus oponentes - Estado actual de la ciencia - Historia del origen del canon del Nuevo Testamento - El canon de las palabras del Señor - Las huellas más antiguas de las epístolas del Nuevo Testamento - El evangelio canónico - El canon de la doctrina tradicional apostólica - El Nuevo Testamento en el cierre del segundo siglo - Los inicios de la formación del canon del Nuevo Testamento - El cierre del canon en el oriente - El cierre del canon en el occidente - Historia del origen de los escritos del Nuevo Testamento
563 ## - NOTA DE ENCUADERNACIÓN
Nota de encuadernación Pasta dura
630 07 - TITULO UNIFORME
Título uniforme Biblia.
Nombre de parte o sección de la obra Nuevo Testamento
630 07 - TITULO UNIFORME
Título uniforme Biblia
Subdivisión de materia general Canon
700 ## - ASIENTO SECUNDARIO - NOMBRE PERSONAL
Nombre personal Davidson, A. J. K.
Responsabilidad autor
9 (RLIN) 3698
942 ## - TIPO DE MATERIAL (KOHA)
Tipo de Item KOHA Libros General
945 ## - INFORMACIÓN LOCAL DEL REGISTRO
Catalogador JTF-925
Existencias
Estado de Material Estado de Perdido Forma de Clasificación Volumen-Parte/Tomo Estado de Dañado No para Préstamo Colección Tomo Biblioteca de Origen Biblioteca Permanente Fecha de Adquisición Área Total de Préstamos Signatura Topográfica Código de Barras Última vez visto Ejemplar/Existencia Fecha de Remplazo Tipo de Material
    Dewey Decimal Classification 1     Colección General   Biblioteca FUSBC Biblioteca FUSBC 14/05/2020 BIBLIA   G 225.1 W429a 19553 12/12/2019 Vol. 1, ej. 1 26/01/2016 Libros Patrimoniales
    Dewey Decimal Classification 1     Colección General   Biblioteca FUSBC Biblioteca FUSBC 14/05/2020 BIBLIA   G 225.1 W429a 13641 22/02/2021 Vol. 2, ej. 1 26/01/2016 Libros Patrimoniales

Biblioteca FUSBC | Teléfono: (57+4) 349 88 10 Ext. 141| WhatsApp (+57) 3005338115 
E-mail: biblioteca@unisbc.edu.co | Calle 76 87-14 Robledo Palenque, Medellín, Colombia

Con tecnología Koha